00397nam a2200157Ia 4500001000500000005001700005008004100022041000800063082001700071100002500088245007300113260000900186300002800195650000800223654000800231478520260306145820.0260306t2016||||xx |||||||||||||| ||spa|| aESP a330.098bB45 aBértola, LuiseAUT 0aEl desarrollo económico de América Latina desde la independencia c2016 a370 páginas :c23 cm. aGEN aCAN